000 00432nam a2200181Ia 4500
001 16564
005 20260306170318.0
008 260306t2014||||xx |||||||||||||| ||und||
041 _aESP
082 _a348.621
_bC34
100 _aCastillo Guzmán, Jorge
_eAUT
245 0 _aDesarrollo práctico de la CTS
260 _c2014
300 _a79 páginas :
_c21 cm.
650 _aGEN
654 _aCDE
942 _cLIB
_dJUS
_fJUS
_2ddc
_n
999 _c16564
_d16564